আল্লামা ইকবাল / (Record no. 74618)
[ view plain ]
| 000 -LEADER | |
|---|---|
| fixed length control field | 01301nam a22002417a 4500 |
| 001 - CONTROL NUMBER | |
| control field | 74618 |
| 003 - CONTROL NUMBER IDENTIFIER | |
| rucl marc code | BD-RjUL |
| 005 - DATE AND TIME OF LATEST TRANSACTION | |
| control field | 20211209082559.0 |
| 008 - FIXED-LENGTH DATA ELEMENTS--GENERAL INFORMATION | |
| fixed length control field | 181104s1991 bg ||||| |||| 00| 0 eng d |
| 035 ## - SYSTEM CONTROL NUMBER | |
| System control number | (BD-RjUL)74836 |
| 040 ## - CATALOGING SOURCE | |
| Original cataloging agency | BD-RjUL |
| Language of cataloging | ben |
| Transcribing agency | BD-RjUL |
| 041 ## - LANGUAGE CODE | |
| Language code of text/sound track or separate title | ben |
| 082 ## - DEWEY DECIMAL CLASSIFICATION NUMBER | |
| Edition number | 23 |
| Classification number | 891.43915 |
| Author mark and year | ALA 1991 |
| 245 ## - TITLE STATEMENT | |
| Title | আল্লামা ইকবাল / |
| Statement of responsibility, etc. | সম্পাদনা কমিটি সৈয়দ সাজ্জাদ হোসায়েন, এস. মজিবউল্লাহ, কে. এ. রহমান, এ. এফ. এম. হোসাইন আহমদ, মুহাম্মাদ নুরুল ইসলাম, সৈয়দ তোসারফ আলী, আবদুল ওয়াহিদ |
| 260 ## - PUBLICATION, DISTRIBUTION, ETC. (IMPRINT) | |
| Place of publication, distribution, etc. | ঢাকা : |
| Name of publisher, distributor, etc. | আল্লামা ইকবাল সংসদ, |
| Date of publication, distribution, etc. | ১৯৯১ |
| 300 ## - PHYSICAL DESCRIPTION | |
| Pagination | ২৫৬ পৃ. : |
| Illustrations | চিত্রসমূহ ; |
| Size | ২২ সেমি. |
| 600 ## - SUBJECT ADDED ENTRY--PERSONAL NAME | |
| Personal name | ইকবার, মুহম্মদ , |
| Dates associated with a name | ১৮৭৭-১৯৩৮ |
| Personal name | Iqbal, Muhammad, |
| Dates associated with a name | 1877-1938 |
| 700 ## - ADDED ENTRY--PERSONAL NAME | |
| Personal name | হোসায়েন, সৈয়দ সাজ্জাদ |
| Personal name | মজিবউল্লাহ, এস. |
| Personal name | রহমান, কে. এ. |
| 942 ## - ADDED ENTRY ELEMENTS (KOHA) | |
| Source of classification or shelving scheme | Dewey Decimal Classification |
| Koha item type | Books |
| Lost status | Source of classification or shelving scheme | Damaged status | Not for loan | Collection code | Permanent Location | Current Location | Shelving location | Date acquired | Source of acquisition | Cost, normal purchase price | Total Checkouts | Full call number | Date last seen | Copy number | Koha item type |
|---|---|---|---|---|---|---|---|---|---|---|---|---|---|---|---|
| Dewey Decimal Classification | Not For Loan | Non-fiction | Central Library, University of Rajshahi | Central Library, University of Rajshahi | Reading Room | 06/10/2004 | Dhaka, Alama Iqbal Sansad | 50.00 | B 891.43915 ALA 1991 | 04/11/2018 | C-1 | Books |